000 00331nam a2200145Ia 4500
100 _aHall/ F.
650 _aCarpentery
942 _cBK
654 _aPlumbing & Heating Calculation
245 _aPlumbing and Heating Calculation
260 _bLengman
_aLondon
_c1982
082 _a696.10151
300 _a211
546 _aENGLISH
999 _c30262
_d30262